Statystyki dla Najludniejsze wyspy świata

Kliknij tutaj aby rozwiązać quiz!

Ogólne statystyki

  • Ten quiz został rozwiązany 6 671 razy
    (2 594 od ostatniego zresetowania)
  • Średni wynik to 22 z 100

Statystyki odpowiedzi

LudnośćWyspa% Poprawnych
66,4 mlnWielka Brytania
83%
28,5 mlnMadagaskar
78%
7,03 mlnIrlandia
74%
375 tys.Islandia
72%
11,3 mlnKuba
72%
21,9 mlnCejlon
65%
1,09 mlnCypr
65%
22,3 mlnHaiti
62%
2,95 mlnJamajka
59%
23,9 mlnTajwan
59%
386 tys.Malta
58%
4,80 mlnSycylia
56%
145 mlnJawa
55%
104 mlnHonsiu
54%
23,7 mlnBorneo
52%
1,58 mlnSardynia
51%
5,38 mlnHokkaido
49%
623 tys.Kreta
47%
59,2 mlnSumatra
43%
862 tys.Majorka
39%
12,7 mlnKiusiu
38%
14,8 mlnNowa Gwinea
37%
1,27 mlnTrynidad
37%
3,92 mlnWyspa Północna
36%
1,20 mlnWyspa Południowa
35%
2,29 mlnZelandia
33%
4,32 mlnBali
31%
1,22 mlnMauritius
29%
542 tys.Tasmania
29%
5,89 mlnSingapur
28%
3,82 mlnSikoku
27%
20,2 mlnCelebes
26%
64,3 mlnLuzon
25%
3,29 mlnPortoryko
25%
3,18 mlnTimor
25%
907 tys.Teneryfa
24%
1,10 mlnBahrajn
23%
1,69 mlnManhattan
19%
897 tys.Zanzibar (Unguja)
19%
839 tys.Gran Canaria
18%
27,0 mlnMindanao
17%
1,30 mlnOkinawa
17%
10,1 mlnHajnan
16%
1,27 mlnHongkong
16%
472 tys.Sachalin
16%
622 tys.Czedżu
15%
522 tys.Nowa Fundlandia
13%
838 tys.Réunion
13%
8,06 mlnLong Island
12%
4,31 mlnCebu
10%
466 tys.Fionia
10%
390 tys.Martynika
10%
1,01 mlnOahu
10%
887 tys.Palawan
10%
2,89 mlnZhongshan (Makau)
10%
1,83 mlnFlores
9%
4,66 mlnNegros
8%
870 tys.Vancouver
8%
3,31 mlnLombok
7%
1,33 mlnMindoro
7%
4,52 mlnPanay
7%
686 tys.Sumba
7%
2,63 mlnLeyte
6%
525 tys.Phuket
6%
23,8 mlnSalsette
6%
1,75 mlnSamar
6%
1,39 mlnSumbawa
6%
1,21 mlnBohol
5%
2,01 mlnÎle de Montréal
5%
4,00 mlnMadura
5%
514 tys.Nowa Brytania
5%
496 tys.Staten Island
5%
961 tys.Bangka
4%
1,76 mlnDokkhin Szahbadźpur Dip
4%
450 tys.Halmahera
4%
490 tys.Margarita
4%
1,38 mlnSão Luís
4%
434 tys.Seram
4%
662 tys.Viti Levu
4%
2,04 mlnXiamen
4%
441 tys.Ambon
3%
459 tys.Basilan
3%
1,15 mlnBatam
3%
447 tys.Buton
3%
763 tys.Cangshan
3%
615 tys.Chongming
3%
1,56 mlnHaizhu
3%
423 tys.IJsselmonde
3%
438 tys.Jésus
3%
530 tys.Jolo
3%
468 tys.Mactan
3%
383 tys.Marajó
3%
707 tys.Masbate
3%
756 tys.Nias
3%
407 tys.Pemba
3%
860 tys.Penang
3%
400 tys.Sandwip
3%
420 tys.Santa Catarina
3%
760 tys.São Vicente
3%
503 tys.Zhoushan
3%

Rozkład punktacji

Percentyl według liczby udzielonych odpowiedzi

Procent ludzi z każdym wynikiem

Twoja historia wyników

Nie rozwiązałeś tego quizu od ostatniego zresetowania